[Event "39. Torneo La Roda"]
[Site "La Roda ESP"]
[Date "2012.04.04"]
[Round "1.2"]
[White "Fedorchuk, Sergey A"]
[Black "Gomez Roca, Vicente Fernando"]
[Result "1-0"]
[WhiteElo "2634"]
[BlackElo "2014"]
[PlyCount "53"]
[EventDate "2012.04.04"]
[EventType "swiss"]
[EventRounds "9"]
[EventCountry "ESP"]
[Source "lmi"]
[SourceDate "2012.04.04"]

1. e4 e5 2. Nf3 Nc6 3. Bb5 a6 4. Ba4 Nf6 5. O-O b5 6. Bb3 Be7 7. Re1 O-O 8. a4
b4 9. d3 d6 10. a5 Bg4 11. c3 Rb8 12. Nbd2 d5 13. h3 Bxf3 14. Nxf3 dxe4 15.
dxe4 Qxd1 16. Bxd1 bxc3 17. bxc3 Rb5 18. Be3 Rxa5 19. Ba4 Nb8 20. Nd2 Bc5 21.
Nb3 Bxe3 22. Rxe3 Rb5 23. Bxb5 axb5 24. Nc5 Rd8 25. Ra5 c6 26. Ra8 Kf8 27. Rd3
1-0

[Event "39. Torneo La Roda"]
[Site "La Roda ESP"]
[Date "2012.04.04"]
[Round "1.3"]
[White "Buendia Pinar, Alvaro"]
[Black "Salgado Lopez, Ivan"]
[Result "0-1"]
[WhiteElo "2010"]
[BlackElo "2621"]
[PlyCount "50"]
[EventDate "2012.04.04"]
[EventType "swiss"]
[EventRounds "9"]
[EventCountry "ESP"]
[Source "lmi"]
[SourceDate "2012.04.04"]

1. d4 c5 2. e3 Nf6 3. c4 g6 4. Nc3 Bg7 5. Nf3 O-O 6. Be2 cxd4 7. exd4 d5 8. h3
Nc6 9. Be3 dxc4 10. Bxc4 Na5 11. Be2 Be6 12. Qa4 Rc8 13. O-O Nc4 14. Rab1 Nxe3
15. fxe3 Bh6 16. e4 Be3+ 17. Kh2 Rxc3 18. bxc3 Nxe4 19. Qb4 Qc7+ 20. Ne5 Nxc3
21. Qxb7 Qxb7 22. Rxb7 Nxe2 23. Nd3 Bc4 24. Nb2 Bd5 25. Rxe7 Bf4+ 0-1

[Event "39. Torneo La Roda"]
[Site "La Roda ESP"]
[Date "2012.04.04"]
[Round "1.5"]
[White "Belinchon Calleja, David"]
[Black "Zubarev, Alexander"]
[Result "0-1"]
[WhiteElo "2000"]
[BlackElo "2597"]
[PlyCount "90"]
[EventDate "2012.04.04"]
[EventType "swiss"]
[EventRounds "9"]
[EventCountry "ESP"]
[Source "lmi"]
[SourceDate "2012.04.04"]

1. Nf3 c5 2. c4 g6 3. g3 Bg7 4. Bg2 Nc6 5. Nc3 e5 6. d3 Nge7 7. O-O d6 8. e4
O-O 9. Bg5 f6 10. Be3 f5 11. exf5 Bxf5 12. Qd2 Qd7 13. Ng5 h6 14. Nge4 Kh7 15.
Nb5 Nc8 16. a3 Nd4 17. Bxd4 exd4 18. a4 a6 19. Na3 Ne7 20. b4 b6 21. a5 Nc6 22.
axb6 cxb4 23. Nc2 a5 24. Rfb1 Rfd8 25. Qf4 Rab8 26. g4 Bxg4 27. Nxd6 Ne5 28.
Ne4 Rxb6 29. Rxa5 Nxd3 30. Qg3 b3 31. Na3 Nb4 32. Qxb3 d3 33. Rb5 Rxb5 34. cxb5
d2 35. Nxd2 Nd3 36. Ne4 Nf4 37. b6 Qe7 38. Qb4 Rd1+ 39. Rxd1 Qxb4 40. b7 Nxg2
41. Rb1 Qxe4 42. b8=Q Nf4 43. Qb7 Nh3+ 44. Kf1 Qe2+ 45. Kg2 Qxf2+ 0-1

[Event "39. Torneo La Roda"]
[Site "La Roda ESP"]
[Date "2012.04.04"]
[Round "1.6"]
[White "Bacallao Alonso, Yusnel"]
[Black "Garrido Fernandez, Javier"]
[Result "1-0"]
[WhiteElo "2550"]
[BlackElo "1996"]
[PlyCount "65"]
[EventDate "2012.04.04"]
[EventType "swiss"]
[EventRounds "9"]
[EventCountry "ESP"]
[Source "lmi"]
[SourceDate "2012.04.04"]

1. c4 Nf6 2. Nf3 g6 3. Nc3 Bg7 4. g3 d6 5. Bg2 O-O 6. O-O c5 7. a3 Nc6 8. Rb1
Be6 9. d3 h6 10. b4 cxb4 11. axb4 Ng4 12. Bd2 Qd7 13. b5 Nce5 14. Nd4 Nxf2 15.
Rxf2 Nxd3 16. Nxe6 Nxf2 17. Nxf8 Nxd1 18. Nxd7 Bd4+ 19. Kf1 Nxc3 20. Rb3 Rd8
21. Bxb7 Rxd7 22. Bc6 Rc7 23. Bxc3 Bb6 24. Bd2 Kg7 25. Be3 Bxe3 26. Rxe3 f5 27.
Re6 a6 28. Re3 Kf6 29. Rb3 axb5 30. cxb5 Ke6 31. b6 Rc8 32. b7 Rb8 33. Re3+ 1-0

[Event "39. Torneo La Roda"]
[Site "La Roda ESP"]
[Date "2012.04.04"]
[Round "1.7"]
[White "Gonzalez Pabollet, Jesus Maria"]
[Black "Paunovic, Dragan"]
[Result "0-1"]
[WhiteElo "1994"]
[BlackElo "2537"]
[PlyCount "56"]
[EventDate "2012.04.04"]
[EventType "swiss"]
[EventRounds "9"]
[EventCountry "ESP"]
[Source "lmi"]
[SourceDate "2012.04.04"]

1. e4 c5 2. Nf3 a6 3. c4 e6 4. Nc3 Qc7 5. d4 cxd4 6. Nxd4 Nf6 7. Be2 Bb4 8. Qd3
O-O 9. Bg5 Qe5 10. Bxf6 Qxf6 11. Rc1 Nc6 12. Nxc6 dxc6 13. O-O Bc5 14. Na4 Bd4
15. Rc2 e5 16. c5 Be6 17. b3 Rad8 18. Qf3 Qg6 19. Bd3 f5 20. exf5 Bxf5 21. Bxf5
Rxf5 22. Qh3 Rh5 23. Qf3 Rf8 24. Qe2 Rg5 25. g3 Rxg3+ 26. hxg3 Qxg3+ 27. Kh1
Qh3+ 28. Kg1 Rf5 0-1

[Event "39. Torneo La Roda"]
[Site "La Roda ESP"]
[Date "2012.04.04"]
[Round "1.8"]
[White "Sanchez, Joseph"]
[Black "Gonzalez Berruga, Ana Isabel"]
[Result "1-0"]
[WhiteElo "2526"]
[BlackElo "1993"]
[PlyCount "61"]
[EventDate "2012.04.04"]
[EventType "swiss"]
[EventRounds "9"]
[EventCountry "ESP"]
[Source "lmi"]
[SourceDate "2012.04.04"]

1. e4 c5 2. Nf3 d6 3. d4 cxd4 4. Qxd4 Nc6 5. Bb5 Bd7 6. Bxc6 Bxc6 7. Nc3 Nf6 8.
Bg5 Nd7 9. O-O-O Qb6 10. Qd2 O-O-O 11. Rhe1 g6 12. Nd5 Bxd5 13. Qc3+ Bc6 14.
Qxh8 Qxf2 15. Rd2 Qc5 16. Qxh7 Qc4 17. Kb1 Nc5 18. Rd4 Qe6 19. e5 Bxf3 20. gxf3
f6 21. Be3 fxe5 22. Rg4 Qf5 23. Bxc5 dxc5 24. Qxg6 Qxf3 25. Qe6+ Kb8 26. Qxe5+
Ka8 27. Rgg1 c4 28. Qc7 Qd5 29. a3 Rb8 30. Rd1 Qb5 31. Rd8 1-0

[Event "39. Torneo La Roda"]
[Site "La Roda ESP"]
[Date "2012.04.04"]
[Round "1.9"]
[White "Silva, Miguel Antonio Neto"]
[Black "Ibarra Jerez, Jose Carlos"]
[Result "0-1"]
[WhiteElo "1992"]
[BlackElo "2523"]
[PlyCount "94"]
[EventDate "2012.04.04"]
[EventType "swiss"]
[EventRounds "9"]
[EventCountry "ESP"]
[Source "lmi"]
[SourceDate "2012.04.04"]

1. d4 Nf6 2. c4 d6 3. Nf3 g6 4. Nc3 Bf5 5. Qb3 b6 6. g3 Bg7 7. Bg2 Nc6 8. O-O
O-O 9. Nh4 Bd7 10. Qd1 Rb8 11. Nf3 a6 12. e4 Bg4 13. Be3 Nd7 14. Ne2 e5 15. d5
Ne7 16. Nd2 f5 17. f3 Bh5 18. Nc3 f4 19. Bf2 fxg3 20. hxg3 g5 21. Be3 Bf6 22.
g4 Be8 23. Ne2 Ng6 24. Ng3 Nf4 25. Nf5 h5 26. b4 Kh7 27. Nb3 Rh8 28. Rc1 Nf8
29. Bxf4 gxf4 30. c5 bxc5 31. bxc5 Ba4 32. Rc3 Kg8 33. Qc1 Nd7 34. Qa3 Bxb3 35.
axb3 Nxc5 36. b4 Nd7 37. Rfc1 hxg4 38. fxg4 Bg5 39. R1c2 Nf6 40. Rxc7 Ne8 41.
R7c6 Rh7 42. Qxa6 Rhb7 43. b5 Rxb5 44. Rc8 Rb1+ 45. Bf1 Rxc8 46. Rxc8 Qd7 47.
Nxd6 Qxg4+ 0-1

[Event "39. Torneo La Roda"]
[Site "La Roda ESP"]
[Date "2012.04.04"]
[Round "1.10"]
[White "Khamrakulov, Ibragim S"]
[Black "Sacristan Latorre, Alberto"]
[Result "1-0"]
[WhiteElo "2519"]
[BlackElo "1989"]
[PlyCount "109"]
[EventDate "2012.04.04"]
[EventType "swiss"]
[EventRounds "9"]
[EventCountry "ESP"]
[Source "lmi"]
[SourceDate "2012.04.04"]

1. e4 c5 2. Nf3 d6 3. c3 Nf6 4. h3 Nc6 5. Bd3 g6 6. O-O Bg7 7. Bc2 O-O 8. d4
cxd4 9. Nxd4 a6 10. Be3 Qc7 11. a4 e5 12. Nf3 Be6 13. Ng5 d5 14. Nxe6 fxe6 15.
exd5 exd5 16. Bb3 Rad8 17. Bg5 Qd6 18. c4 Nd4 19. cxd5 Nxb3 20. Qxb3 Qxd5 21.
Ra3 h6 22. Bxf6 Bxf6 23. Nc3 Qxb3 24. Rxb3 Rd7 25. Re1 Rfd8 26. Re4 Rc8 27. Rb6
Kf7 28. Re3 Rc4 29. g3 Rcd4 30. Kg2 R4d6 31. Rb3 Rd4 32. Ne4 Be7 33. Nc3 Bf6
34. h4 h5 35. Re4 Rxe4 36. Nxe4 Be7 37. Kf3 Ke6 38. Rb6+ Kf7 39. Ng5+ Kg7 40.
Ke4 Bf6 41. Ne6+ Kg8 42. Nc5 Rd4+ 43. Ke3 Be7 44. Nd3 Rxa4 45. Rxb7 Bf6 46. Nc5
Ra2 47. Ke4 Ra5 48. Kd5 e4 49. b4 Ra2 50. Nxe4 Bg7 51. g4 Ra1 52. Rb8+ Bf8 53.
Ng5 Rd1+ 54. Ke5 Re1+ 55. Kf6 1-0

[Event "39. Torneo La Roda"]
[Site "La Roda ESP"]
[Date "2012.04.04"]
[Round "1.11"]
[White "Amoros Moran, Jose Joaquin"]
[Black "Koziak, Vitali"]
[Result "0-1"]
[WhiteElo "1982"]
[BlackElo "2511"]
[PlyCount "84"]
[EventDate "2012.04.04"]
[EventType "swiss"]
[EventRounds "9"]
[EventCountry "ESP"]
[Source "lmi"]
[SourceDate "2012.04.04"]

1. e4 e5 2. Nf3 Nc6 3. Bb5 a6 4. Ba4 Nge7 5. O-O g6 6. d4 exd4 7. Bg5 Bg7 8. c3
dxc3 9. Nxc3 h6 10. Bh4 O-O 11. Qd2 d6 12. Nd5 g5 13. Bg3 Nxd5 14. exd5 Ne7 15.
h3 f5 16. Bb3 f4 17. Bh2 Ng6 18. Rac1 Rf7 19. Rfe1 Bf5 20. Nd4 Bxd4 21. Qxd4
Ne5 22. Rc3 Qf6 23. Kh1 Raf8 24. Bg1 Qg6 25. f3 h5 26. Rxe5 dxe5 27. Qxe5 g4
28. Bd4 Qh7 29. d6 cxd6 30. Qxf4 gxh3 31. gxh3 Qg6 32. Rc1 Kh7 33. Bxf7 Rxf7
34. Rg1 Bg4 35. Qd2 Bxf3+ 36. Kh2 Qf5 37. Qg5 Qc2+ 38. Kg3 Qd3 39. Qe3 Qf5 40.
Kh2 Bd5 41. Rg5 Qc2+ 42. Kg1 Qd1+ 0-1

[Event "39. Torneo La Roda"]
[Site "La Roda ESP"]
[Date "2012.04.04"]
[Round "1.13"]
[White "Sarto Ramos, Angel"]
[Black "Movsziszian, Karen"]
[Result "0-1"]
[WhiteElo "1978"]
[BlackElo "2483"]
[PlyCount "54"]
[EventDate "2012.04.04"]
[EventType "swiss"]
[EventRounds "9"]
[EventCountry "ESP"]
[Source "lmi"]
[SourceDate "2012.04.04"]

1. d4 d6 2. Nf3 g6 3. Nc3 Bg7 4. Bf4 Nf6 5. h3 O-O 6. Qd2 c5 7. dxc5 dxc5 8.
O-O-O Qa5 9. Kb1 Nc6 10. Ne5 Nxe5 11. Bxe5 Be6 12. Bxf6 Rfd8 13. Qxd8+ Rxd8 14.
Rxd8+ Qxd8 15. Bxg7 Kxg7 16. e3 h6 17. Be2 b5 18. Rd1 Qa5 19. Bf3 b4 20. Nd5 c4
21. Nxe7 b3 22. cxb3 cxb3 23. a3 Qc5 24. Nc6 Qc2+ 25. Ka1 Qxf2 26. Nd4 Qxe3 27.
Ne2 a5 0-1

[Event "39. Torneo La Roda"]
[Site "La Roda ESP"]
[Date "2012.04.04"]
[Round "1.14"]
[White "Perez Mitjans, Orelvis"]
[Black "Martinez Maestro, Jose Angel"]
[Result "1-0"]
[WhiteElo "2482"]
[BlackElo "1972"]
[PlyCount "75"]
[EventDate "2012.04.04"]
[EventType "swiss"]
[EventRounds "9"]
[EventCountry "ESP"]
[Source "lmi"]
[SourceDate "2012.04.04"]

1. e4 c5 2. Nf3 d6 3. d4 cxd4 4. Nxd4 Nf6 5. Nc3 a6 6. Bg5 e6 7. Qf3 Be7 8.
O-O-O Qc7 9. Qg3 Nc6 10. Bxf6 Bxf6 11. Nxc6 Qxc6 12. Rxd6 Qc5 13. Rd3 b5 14. f4
b4 15. e5 bxc3 16. Rxc3 Qe7 17. exf6 Qxf6 18. Bd3 O-O 19. Re1 Rb8 20. Qg5 Qxg5
21. fxg5 Bb7 22. g3 Rfd8 23. Re5 Rd7 24. Rb3 Rbd8 25. Rb6 g6 26. b3 Rd5 27.
Rxd5 Bxd5 28. Bxa6 e5 29. c4 Be6 30. c5 Rd5 31. b4 e4 32. Bc4 Rd4 33. Bxe6 fxe6
34. a3 Kf7 35. Rd6 Rc4+ 36. Kd2 Ke7 37. Rb6 Kd7 38. a4 1-0

[Event "39. Torneo La Roda"]
[Site "La Roda ESP"]
[Date "2012.04.04"]
[Round "1.17"]
[White "Botelho, Luis Miguel Rodrigu"]
[Black "Forcen Esteban, Daniel"]
[Result "0-1"]
[WhiteElo "1955"]
[BlackElo "2438"]
[PlyCount "70"]
[EventDate "2012.04.04"]
[EventType "swiss"]
[EventRounds "9"]
[EventCountry "ESP"]
[Source "lmi"]
[SourceDate "2012.04.04"]

1. e4 c5 2. Nc3 a6 3. f4 b5 4. g3 Bb7 5. Bg2 e6 6. Qe2 Nc6 7. Nf3 Nd4 8. Qd3
Nxf3+ 9. Bxf3 Ne7 10. O-O Nc6 11. a3 Qb6 12. Kh1 c4 13. Qe3 Bc5 14. Qe1 Nd4 15.
Bd1 O-O 16. d3 f5 17. Be3 e5 18. fxe5 fxe4 19. dxe4 Rxf1+ 20. Qxf1 Rf8 21. Qg2
Qe6 22. Bf4 h6 23. h4 Be7 24. Nd5 Bd8 25. c3 Nc6 26. Bf3 g5 27. hxg5 hxg5 28.
Be3 Nxe5 29. Be2 Ng4 30. Bd4 Nf6 31. Bxf6 Bxf6 32. Rf1 Bg7 33. Rxf8+ Bxf8 34.
Qf3 Bxd5 35. exd5 Qh3+ 0-1

[Event "39. Torneo La Roda"]
[Site "La Roda ESP"]
[Date "2012.04.04"]
[Round "1.18"]
[White "Suba, Mihai"]
[Black "Perez Garcia, Juan Angel"]
[Result "1-0"]
[WhiteElo "2438"]
[BlackElo "1953"]
[PlyCount "119"]
[EventDate "2012.04.04"]
[EventType "swiss"]
[EventRounds "9"]
[EventCountry "ESP"]
[Source "lmi"]
[SourceDate "2012.04.04"]

1. c4 e5 2. Nc3 Nc6 3. g3 Bc5 4. a3 a6 5. e3 d6 6. Nge2 Bg4 7. Bg2 Ba7 8. h3
Bd7 9. b4 Qc8 10. Bb2 Nf6 11. Rc1 Ne7 12. Nd5 Nfxd5 13. cxd5 Bb6 14. d4 Ng6 15.
h4 h5 16. dxe5 Nxe5 17. Bd4 Qd8 18. Rc3 O-O 19. O-O Bg4 20. f3 Bd7 21. Nf4 g6
22. Qb3 Kh7 23. Rfc1 Rc8 24. a4 g5 25. Bxb6 gxf4 26. exf4 Ng6 27. Bf2 c6 28.
Qd1 Qf6 29. dxc6 bxc6 30. Bd4 Qf5 31. Qd3 Qxd3 32. Rxd3 Rfe8 33. a5 Re2 34. Re3
Rd2 35. Bc3 Ra2 36. Bf1 d5 37. Re2 Ra3 38. Kf2 c5 39. Bb2 Ra4 40. bxc5 Rxa5 41.
Bd4 Ra3 42. Rb2 Ra4 43. Bf6 Bc6 44. Bh3 Re8 45. Bf5 d4 46. Re1 Ra8 47. g4 Kg8
48. gxh5 Ra3 49. hxg6 Rxf3+ 50. Kg1 Rxf4 51. Rf2 Rxf2 52. Kxf2 fxg6 53. Be6+
Kh7 54. Bxd4 Rf8+ 55. Kg3 Rf3+ 56. Kg4 Rd3 57. Bf6 Bf3+ 58. Kf4 Bc6 59. Bg4 Rd5
60. Re7+ 1-0

[Event "39. Torneo La Roda"]
[Site "La Roda ESP"]
[Date "2012.04.04"]
[Round "1.19"]
[White "Nieves Cabanes, Javier"]
[Black "Granero Roca, Antonio"]
[Result "0-1"]
[WhiteElo "1948"]
[BlackElo "2432"]
[PlyCount "82"]
[EventDate "2012.04.04"]
[EventType "swiss"]
[EventRounds "9"]
[EventCountry "ESP"]
[Source "lmi"]
[SourceDate "2012.04.04"]

1. d4 Nf6 2. c4 c5 3. d5 b5 4. Nf3 g6 5. cxb5 a6 6. b6 d6 7. a4 a5 8. Nc3 Ba6
9. e4 Bxf1 10. Kxf1 Nbd7 11. g3 Qxb6 12. Kg2 Bg7 13. Re1 O-O 14. Nd2 Ne8 15.
Ra3 Nc7 16. Rb3 Qa6 17. Nb5 Nxb5 18. axb5 Qb7 19. Qe2 Rfb8 20. f4 a4 21. Re3
Bd4 22. Rd3 Qxb5 23. Nf3 Bxb2 24. e5 Nf8 25. f5 c4 26. Rdd1 c3 27. Qe4 Bxc1 28.
Rxc1 dxe5 29. Nxe5 Qb2+ 30. Rc2 Qxc2+ 31. Qxc2 Rb2 32. Re2 Rxc2 33. Rxc2 a3 34.
Ra2 gxf5 35. Kf2 Nd7 36. Nd3 Nf6 37. Ke3 Nxd5+ 38. Kd4 e6 39. Ke5 Ra4 40. Nf4
Nxf4 41. gxf4 c2 0-1

[Event "39. Torneo La Roda"]
[Site "La Roda ESP"]
[Date "2012.04.04"]
[Round "1.20"]
[White "Rojas Keim, Luis"]
[Black "Harutyunyan, Tigran"]
[Result "1/2-1/2"]
[WhiteElo "2424"]
[BlackElo "1913"]
[PlyCount "103"]
[EventDate "2012.04.04"]
[EventType "swiss"]
[EventRounds "9"]
[EventCountry "ESP"]
[Source "lmi"]
[SourceDate "2012.04.04"]

1. d4 Nf6 2. Bg5 d6 3. Bxf6 exf6 4. c4 g6 5. Nc3 Bg7 6. e3 c6 7. Nge2 Qe7 8. g3
Bg4 9. Bg2 Bxe2 10. Qxe2 f5 11. O-O O-O 12. b4 Re8 13. Qf3 Nd7 14. b5 Rac8 15.
Rfc1 Nf6 16. Qd1 Ne4 17. Bxe4 fxe4 18. Qa4 Qc7 19. Rab1 f5 20. bxc6 bxc6 21.
Rb3 Rb8 22. Rcb1 h5 23. h4 Rxb3 24. Rxb3 f4 25. gxf4 Qd7 26. Ne2 Bf6 27. Kf1
Bxh4 28. Ke1 Bf6 29. d5 Rc8 30. Ng3 Qe8 31. dxc6 Qxc6 32. Qxc6 Rxc6 33. Nxe4
Ba1 34. Rb8+ Kf7 35. Rb7+ Kg8 36. Rxa7 Rxc4 37. Nxd6 Rc1+ 38. Ke2 h4 39. Nf7 h3
40. Nh6+ Kh8 41. Ng4 Rg1 42. Nh2 Rg2 43. Nf3 h2 44. Nxh2 Rxh2 45. a4 Bf6 46. a5
Bh4 47. a6 Rxf2+ 48. Kd3 Ra2 49. e4 Bf2 50. Ra8+ Kg7 51. e5 Ra3+ 52. Ke4
1/2-1/2

[Event "39. Torneo La Roda"]
[Site "La Roda ESP"]
[Date "2012.04.05"]
[Round "2.5"]
[White "Zubarev, Alexander"]
[Black "Diez Fraile, David"]
[Result "1-0"]
[WhiteElo "2597"]
[BlackElo "2185"]
[PlyCount "49"]
[EventDate "2012.04.04"]
[EventType "swiss"]
[EventRounds "9"]
[EventCountry "ESP"]
[Source "lmi"]
[SourceDate "2012.04.04"]

1. g3 Nf6 2. Bg2 g6 3. d4 Bg7 4. e4 d6 5. Ne2 O-O 6. Nbc3 e5 7. h3 c6 8. a4
exd4 9. Nxd4 Re8 10. O-O a5 11. Bf4 Na6 12. Nb3 Nb4 13. Qxd6 Qxd6 14. Bxd6 Nxc2
15. Rac1 Nb4 16. Rfd1 Bf8 17. f4 Nd7 18. e5 Bxd6 19. Rxd6 Nb6 20. Nc5 Rb8 21.
b3 Be6 22. N3e4 Kg7 23. Nxe6+ Rxe6 24. Rxe6 fxe6 25. Rc5 1-0

[Event "39. Torneo La Roda"]
[Site "La Roda ESP"]
[Date "2012.04.05"]
[Round "2.7"]
[White "Paunovic, Dragan"]
[Black "Diaz Rodriguez, Francisco Javie"]
[Result "1-0"]
[WhiteElo "2537"]
[BlackElo "2184"]
[PlyCount "56"]
[EventDate "2012.04.04"]
[EventType "swiss"]
[EventRounds "9"]
[EventCountry "ESP"]
[Source "lmi"]
[SourceDate "2012.04.04"]

1. d4 d5 2. Nf3 Nf6 3. c4 c6 4. e3 a6 5. Bd3 Nbd7 6. Nbd2 e6 7. O-O dxc4 8.
Nxc4 b5 9. Nce5 c5 10. a4 c4 11. Be2 Bb7 12. b3 c3 13. axb5 axb5 14. Rxa8 Qxa8
15. Bxb5 Bb4 16. Nxd7 Nxd7 17. Ne5 Bc8 18. Qh5 g6 19. Nxd7 gxh5 20. Nb6+ Ke7
21. Nxa8 Ba5 22. Ba3+ Kf6 23. Bd6 Rg8 24. Nc7 Bb7 25. Ne8+ Kf5 26. f3 c2 27.
Bd3+ Kg5 28. Bf4+ Kh4 1-0

[Event "39. Torneo La Roda"]
[Site "La Roda ESP"]
[Date "2012.04.05"]
[Round "2.8"]
[White "Fernandez Lledo, Javier"]
[Black "Sanchez, Joseph"]
[Result "0-1"]
[WhiteElo "2166"]
[BlackElo "2526"]
[PlyCount "82"]
[EventDate "2012.04.04"]
[EventType "swiss"]
[EventRounds "9"]
[EventCountry "ESP"]
[Source "lmi"]
[SourceDate "2012.04.04"]

1. e4 c5 2. Nf3 Nc6 3. d4 cxd4 4. Nxd4 e5 5. Nb5 d6 6. N1c3 a6 7. Na3 Nf6 8.
Bg5 Be6 9. Nc4 Rc8 10. Bxf6 gxf6 11. Ne3 Bh6 12. Bd3 Bxe3 13. fxe3 Qb6 14. Qc1
h5 15. O-O Rh6 16. Rf3 Ne7 17. a4 Kf8 18. a5 Qb4 19. Ra4 Qc5 20. Qd2 Nc6 21.
Ne2 d5 22. exd5 Bxd5 23. Rf2 Be6 24. Ng3 Rd8 25. Rh4 Qxa5 26. Qc1 Ke7 27. Rf5
Qb6 28. Rfxh5 Rxh5 29. Rxh5 Nb4 30. Qd2 Nd5 31. Kf2 Qxb2 32. Rh4 Qc3 33. Qxc3
Nxc3 34. Rb4 b5 35. Ne4 a5 36. Rxb5 Nxb5 37. Bxb5 f5 38. Ng5 Rd2+ 39. Kg3 Rxc2
40. h4 Rc5 41. Bd3 Rc3 0-1

[Event "39. Torneo La Roda"]
[Site "La Roda ESP"]
[Date "2012.04.05"]
[Round "2.9"]
[White "Ibarra Jerez, Jose Carlos"]
[Black "Bendayan Claros, Aaron"]
[Result "1-0"]
[WhiteElo "2523"]
[BlackElo "2163"]
[PlyCount "75"]
[EventDate "2012.04.04"]
[EventType "swiss"]
[EventRounds "9"]
[EventCountry "ESP"]
[Source "lmi"]
[SourceDate "2012.04.04"]

1. e4 c6 2. d4 d5 3. Nc3 g6 4. Nf3 Bg7 5. h3 dxe4 6. Nxe4 Nd7 7. Bc4 Ngf6 8.
Nxf6+ Nxf6 9. O-O O-O 10. Re1 Bf5 11. c3 Qc7 12. Qe2 Rae8 13. Ne5 Nd5 14. Bd2
f6 15. Ng4 Kh8 16. Qf3 e5 17. dxe5 fxe5 18. Qg3 Bxg4 19. hxg4 Qb6 20. b3 Qc5
21. Re4 b5 22. Bf1 Rf7 23. c4 bxc4 24. Rxc4 Qb6 25. Rac1 Ref8 26. Be1 Ne7 27.
Bb4 Rc8 28. Bc5 Qb7 29. Ra4 Ra8 30. Bd6 Nd5 31. Rac4 Re8 32. Rxc6 Nf4 33. Qe3
a5 34. Ba6 Qa8 35. f3 Nd5 36. Qc5 Ne7 37. Bb5 Nxc6 38. Bxc6 1-0

[Event "39. Torneo La Roda"]
[Site "La Roda ESP"]
[Date "2012.04.05"]
[Round "2.10"]
[White "Nieto De La Cruz, Julio"]
[Black "Khamrakulov, Ibragim S"]
[Result "0-1"]
[WhiteElo "2160"]
[BlackElo "2519"]
[PlyCount "54"]
[EventDate "2012.04.04"]
[EventType "swiss"]
[EventRounds "9"]
[EventCountry "ESP"]
[Source "lmi"]
[SourceDate "2012.04.04"]

1. Nf3 Nf6 2. e3 c5 3. c4 g6 4. b3 Bg7 5. Bb2 O-O 6. Nc3 Nc6 7. a3 e5 8. Qc2
Re8 9. O-O-O d5 10. cxd5 Nxd5 11. h4 Nf6 12. Kb1 e4 13. Ng5 h6 14. Nh3 Bg4 15.
f3 exf3 16. Nf4 Rc8 17. gxf3 Bxf3 18. Bh3 Rc7 19. Nb5 Rce7 20. Rhg1 Bxd1 21.
Qxd1 Nd5 22. Nh5 Bxb2 23. Kxb2 Re5 24. Qf3 Rxh5 25. Qxh5 Nf4 26. Qxh6 Qxd2+ 27.
Ka1 Qxe3 0-1

[Event "39. Torneo La Roda"]
[Site "La Roda ESP"]
[Date "2012.04.05"]
[Round "2.13"]
[White "Movsziszian, Karen"]
[Black "Martinez Lopez, David"]
[Result "1/2-1/2"]
[WhiteElo "2483"]
[BlackElo "2159"]
[PlyCount "86"]
[EventDate "2012.04.04"]
[EventType "swiss"]
[EventRounds "9"]
[EventCountry "ESP"]
[Source "lmi"]
[SourceDate "2012.04.04"]

1. g3 e5 2. c4 Nf6 3. Bg2 Nc6 4. Nc3 Bc5 5. d3 h6 6. Nf3 d6 7. a3 a5 8. O-O O-O
9. e3 Ba7 10. Nb5 Bb6 11. d4 Qe7 12. b3 Bg4 13. h3 Bh5 14. g4 Bg6 15. Bb2 Nd7
16. Nc3 Nf6 17. Nd5 Nxd5 18. cxd5 e4 19. dxc6 exf3 20. Qxf3 bxc6 21. Qxc6 Rab8
22. Rac1 f5 23. Rc3 Kh7 24. f4 Rbe8 25. Qf3 Qf6 26. Qg3 fxg4 27. hxg4 Be4 28.
f5 Bxg2 29. Kxg2 Re4 30. Rf4 Rfe8 31. Bc1 d5 32. Rc2 Rxf4 33. Qxf4 Re4 34. Qg3
Qg5 35. Kf3 Kg8 36. Qh3 Qe7 37. Qh5 Rxe3+ 38. Bxe3 Qe4+ 39. Kg3 Qxe3+ 40. Kh2
Qf4+ 41. Kh1 Qf1+ 42. Kh2 Qf4+ 43. Kh1 Qf1+ 1/2-1/2

[Event "39. Torneo La Roda"]
[Site "La Roda ESP"]
[Date "2012.04.05"]
[Round "2.15"]
[White "Anton Guijarro, David"]
[Black "Pinho, Paulo"]
[Result "1/2-1/2"]
[WhiteElo "2476"]
[BlackElo "2143"]
[PlyCount "111"]
[EventDate "2012.04.04"]
[EventType "swiss"]
[EventRounds "9"]
[EventCountry "ESP"]
[Source "lmi"]
[SourceDate "2012.04.04"]

1. e4 c5 2. Nf3 e6 3. d4 cxd4 4. Nxd4 Nf6 5. Nc3 d6 6. g4 Nc6 7. g5 Nd7 8. Be3
Be7 9. h4 O-O 10. Be2 a6 11. f4 d5 12. Qd2 Nxd4 13. Bxd4 b5 14. exd5 b4 15. Nd1
Bb7 16. Ne3 Nb6 17. Rg1 Nxd5 18. Ng4 Qc7 19. Nf6+ Kh8 20. Nh5 Rg8 21. Bd3 Bd6
22. Qe2 Nxf4 23. Nxf4 e5 24. g6 Rge8 25. Qh5 exd4+ 26. Kd1 Bf3+ 27. Qxf3 Bxf4
28. Qh5 Bh6 29. gxf7 Re5 30. Rf1 Rf8 31. Qg4 Rxf7 32. Rxf7 Qxf7 33. Qc8+ Re8
34. Qf5 Qxf5 35. Bxf5 Rf8 36. Bd3 Rf2 37. Ke1 Rh2 38. Rd1 Be3 39. h5 Rxh5 40.
Ke2 Rh2+ 41. Kf3 g5 42. Kg3 Bf4+ 43. Kg4 h5+ 44. Kf5 Kg7 45. Re1 Be3 46. Re2
Rh3 47. Bxa6 Rf3+ 48. Ke4 Rf4+ 49. Ke5 Rf8 50. Bb7 g4 51. a4 bxa3 52. bxa3 Rf7
53. Bd5 Ra7 54. c3 Re7+ 55. Be6 Kg6 56. cxd4 1/2-1/2

[Event "39. Torneo La Roda"]
[Site "La Roda ESP"]
[Date "2012.04.05"]
[Round "2.16"]
[White "Forcen Esteban, Daniel"]
[Black "Villasenor Rubio, Emilio Jose"]
[Result "1/2-1/2"]
[WhiteElo "2438"]
[BlackElo "2136"]
[PlyCount "107"]
[EventDate "2012.04.04"]
[EventType "swiss"]
[EventRounds "9"]
[EventCountry "ESP"]
[Source "lmi"]
[SourceDate "2012.04.04"]

1. e4 e6 2. d4 d5 3. Nd2 Nf6 4. e5 Nfd7 5. c3 c5 6. Bd3 Nc6 7. Ne2 f6 8. exf6
Nxf6 9. Nf3 cxd4 10. cxd4 Bd6 11. O-O O-O 12. Bf4 Nh5 13. Bg3 Nxg3 14. fxg3 Bd7
15. Qc2 h6 16. Nh4 Ne7 17. Rxf8+ Qxf8 18. Rf1 Qe8 19. Nc3 Rc8 20. Qe2 Bb4 21.
Qe3 Bd6 22. Kh1 a6 23. Bb1 b5 24. Qd3 g6 25. Qe3 Kg7 26. g4 Qg8 27. g5 hxg5 28.
Nxg6 Nxg6 29. Qxg5 Qh7 30. Qf6+ Kg8 31. h3 Rf8 32. Bxg6 Rxf6 33. Bxh7+ Kg7 34.
Rxf6 Kxf6 35. Bd3 b4 36. Ne2 a5 37. g4 e5 38. dxe5+ Bxe5 39. b3 a4 40. Kg2 Bc6
41. bxa4 d4+ 42. Kf2 Bxa4 43. Kf3 Bc6+ 44. Be4 Bb5 45. Nc1 Kg5 46. Nd3 Bd6 47.
Bf5 Bc6+ 48. Ke2 Bd5 49. Nc1 Bc4+ 50. Kf3 Bd5+ 51. Be4 Bc4 52. Nb3 Be5 53. Nc1
Bd6 54. Bd3 1/2-1/2

[Event "39. Torneo La Roda"]
[Site "La Roda ESP"]
[Date "2012.04.05"]
[Round "2.17"]
[White "Navarrete Espi, Samuel"]
[Black "Suba, Mihai"]
[Result "1-0"]
[WhiteElo "2129"]
[BlackElo "2438"]
[PlyCount "61"]
[EventDate "2012.04.04"]
[EventType "swiss"]
[EventRounds "9"]
[EventCountry "ESP"]
[Source "lmi"]
[SourceDate "2012.04.04"]

1. e4 Nf6 2. e5 Nd5 3. d4 d6 4. c4 Nb6 5. exd6 cxd6 6. Nc3 g6 7. Be3 Bg7 8. Rc1
O-O 9. b3 a5 10. Be2 Na6 11. Nf3 Bd7 12. O-O e6 13. Qd2 Nc8 14. Bf4 Nc7 15. Ne4
Bc6 16. Bd3 f5 17. d5 exd5 18. Nc3 d4 19. Nd5 Nxd5 20. cxd5 Bxd5 21. Bc4 Bxc4
22. bxc4 Qb6 23. Rb1 Qc5 24. Rxb7 Ra7 25. Rxa7 Nxa7 26. Qe2 Be5 27. Bxe5 dxe5
28. Qxe5 Qxe5 29. Nxe5 Rb8 30. Rd1 Rb2 31. Kf1 1-0